00288nam a2200133Ia 45000030006000000080041000060400015000471000014000622450030000762500010001062600009001165460012001250050017001370STCL150530s9999 xx 000 0 und d aSTCLcSTCL aHardy, T. aMayor of the casterbridge aFirst c1966 aEnglish20220125170848.0